डॉ गणेशदत्त शर्मा के काव्यो का शैलीवैज्ञानिक अध्ययन/ (Record no. 200916)

MARC details
000 -LEADER
fixed length control field 00864nam a22001937a 4500
005 - DATE AND TIME OF LATEST TRANSACTION
control field 20240220113921.0
010 ## - LCCN (DPL NO)
LC control number HIN-126921
020 ## - INTERNATIONAL STANDARD BOOK NUMBER
Terms of availability 975.00
International Standard Book Number 9788185213344
035 ## - SYSTEM CONTROL NUMBER
System control number HN-99267
037 ## - SOURCE OF ACQUISITION
Source of stock number/acquisition DBAD/PUB
082 ## - DEWEY DECIMAL CLASSIFICATION NUMBER
Classification number 821.08
100 ## - MAIN ENTRY--PERSONAL NAME
Personal name सुमन
245 ## - TITLE STATEMENT
Title डॉ गणेशदत्त शर्मा के काव्यो का शैलीवैज्ञानिक अध्ययन/
Statement of responsibility, etc सुमन
250 ## - EDITION STATEMENT
Edition statement 1
260 ## - PUBLICATION, DISTRIBUTION, ETC. (IMPRINT)
Place of publication, distribution, etc दिल्ली
Name of publisher, distributor, etc एस. पी. कौशिक इंटरप्राइजेज
Date of publication, distribution, etc 2022
270 ## - ADDRESS
Address ए-49 , भू-तल , गली न. 6 , जगत पुरी एक्सटेंशन
City दिल्ली
Postal code 110093
Electronic mail address spkaushikenterprises@gmail.com
300 ## - PHYSICAL DESCRIPTION
Extent 312p.;
Dimensions 22 सेमी (सजिल्द)
942 ## - ADDED ENTRY ELEMENTS (KOHA)
Source of classification or shelving scheme Dewey Decimal Classification
Item type Hindi Books
Classification part 821.08
Call number suffix सुमन
Holdings
Withdrawn status Lost status Not for loan Collection code Home library Current library Date acquired Source of acquisition Cost, normal purchase price Full call number Barcode Copy number Cost, replacement price Koha item type
      Non-fiction Sarojini Nagar Sarojini Nagar 20/02/2024 DBAD/PUB 975.00 821.08 सुमन HN-99267 1 975.00 Hindi Books

© Delhi Public Library
Hit Counter
free hit counter